000 00527nam a22001697a 4500
999 _c19429
_d19429
003 AR-CdUCM
008 190517b ||||| |||| 00| 0 spa d
040 _aMUNICIPALIDAD PROVINCIAL DEL CUSCO
_cBIBLIOTECA MUNICIPAL DEL CUSCO
082 _24ed.
_a330 /
_bB39
100 _aBernard J.C. Colli, Y.
_940756
245 _aDiccionario económico y financiero /
260 _aMadrid :
_bMostoles,
_c1975.
300 _a1414 páginas ;
_c24 cm.
505 _aDiccionario económico financiero.
942 _2ddc
_cLIBROS
945 _awfj